Name all countries that do not begin with "O" - Statistics

General Stats
  • This quiz has been taken 28 times
    13 since last reset
  • The average score is 145 of 195
Answers on the Map
Answers color-coded by a green-red scale on the quiz's map according to % correct below.
 
Answer Stats
Answers % Correct
Australia
100%
Kiribati
100%
Saint Vincent and the Grenadines
100%
Afghanistan
83%
Algeria
83%
Argentina
83%
Armenia
83%
Austria
83%
Azerbaijan
83%
Belarus
83%
Belize
83%
Bolivia
83%
Brazil
83%
Bulgaria
83%
Cambodia
83%
Canada
83%
Central African Republic
83%
Chad
83%
Chile
83%
China
83%
Colombia
83%
Croatia
83%
Cuba
83%
Cyprus
83%
Czech Republic
83%
Democratic Republic of the Congo
83%
Denmark
83%
Ecuador
83%
Egypt
83%
Estonia
83%
Fiji
83%
Finland
83%
France
83%
Gambia
83%
Georgia
83%
Germany
83%
Ghana
83%
Greece
83%
Guatemala
83%
Guyana
83%
Honduras
83%
Hungary
83%
Iceland
83%
India
83%
Indonesia
83%
Iran
83%
Iraq
83%
Italy
83%
Ivory Coast
83%
Jordan
83%
Kazakhstan
83%
Kuwait
83%
Latvia
83%
Libya
83%
Lithuania
83%
Mali
83%
Marshall Islands
83%
Mauritius
83%
Mexico
83%
Micronesia
83%
Moldova
83%
Mongolia
83%
Morocco
83%
Mozambique
83%
Myanmar
83%
Nepal
83%
Netherlands
83%
New Zealand
83%
Niger
83%
Nigeria
83%
Norway
83%
Pakistan
83%
Panama
83%
Paraguay
83%
Peru
83%
Poland
83%
Portugal
83%
Qatar
83%
Republic of the Congo
83%
Romania
83%
Russia
83%
Saint Kitts and Nevis
83%
Saudi Arabia
83%
Serbia
83%
Slovakia
83%
Slovenia
83%
Solomon Islands
83%
Somalia
83%
South Africa
83%
South Sudan
83%
Spain
83%
Sudan
83%
Suriname
83%
Sweden
83%
Switzerland
83%
Taiwan
83%
Tajikistan
83%
Thailand
83%
Tunisia
83%
Turkey
83%
Turkmenistan
83%
Ukraine
83%
United Arab Emirates
83%
United Kingdom
83%
United States
83%
Uruguay
83%
Uzbekistan
83%
Venezuela
83%
Yemen
83%
Zambia
83%
Zimbabwe
83%
Albania
67%
Andorra
67%
Angola
67%
Antigua and Barbuda
67%
Bahamas
67%
Bahrain
67%
Bangladesh
67%
Barbados
67%
Belgium
67%
Benin
67%
Bhutan
67%
Bosnia and Herzegovina
67%
Botswana
67%
Brunei
67%
Burundi
67%
Cameroon
67%
Costa Rica
67%
Djibouti
67%
Dominica
67%
Dominican Republic
67%
Eritrea
67%
Ethiopia
67%
Gabon
67%
Grenada
67%
Guinea
67%
Guinea-Bissau
67%
Haiti
67%
Ireland
67%
Israel
67%
Jamaica
67%
Japan
67%
Kenya
67%
Kosovo
67%
Kyrgyzstan
67%
Laos
67%
Liberia
67%
Liechtenstein
67%
Luxembourg
67%
Malaysia
67%
Mauritania
67%
Nicaragua
67%
North Korea
67%
Philippines
67%
Rwanda
67%
Saint Lucia
67%
San Marino
67%
Sao Tome and Principe
67%
Senegal
67%
Sierra Leone
67%
South Korea
67%
Sri Lanka
67%
Swaziland
67%
Syria
67%
Tanzania
67%
Togo
67%
Trinidad and Tobago
67%
Tuvalu
67%
Uganda
67%
Vanuatu
67%
Vatican City
67%
Vietnam
67%
Burkina Faso
50%
Cape Verde
50%
Comoros
50%
East Timor
50%
El Salvador
50%
Equatorial Guinea
50%
Lebanon
50%
Lesotho
50%
Macedonia
50%
Madagascar
50%
Malawi
50%
Maldives
50%
Malta
50%
Monaco
50%
Montenegro
50%
Namibia
50%
Nauru
50%
Palau
50%
Papua New Guinea
50%
Seychelles
50%
Singapore
50%
Tonga
50%
Samoa
33%
No matching quizzes found
Score Distribution
Percent of People with Each Score
Percentile by Number Answered
Your Score History
You have not taken this quiz since the last reset